[Event "FIDE WYCC 2016 U14 boys"]
[Site "Khanty Mansiysk"]
[Date "2016.09.26"]
[Round "5.31"]
[White "Osaka, Takuma"]
[Black "Hsu, Hsuan Ming"]
[Result "1-0"]
[WhiteElo "1888"]
[BlackElo "1727"]
[Annotator "Reinhold Goldau"]
[PlyCount "97"]
[EventDate "2016.09.??"]
[EventType "swiss"]
[EventRounds "11"]
[EventCountry "RUS"]
[SourceTitle "Youth Database"]
[Source "CBase R.Goldau"]
[SourceDate "2000.03.01"]

1. d4 Nf6 2. c4 g6 3. Nc3 Bg7 4. e4 d6 5. Be2 O-O 6. Bg5 Nbd7 7. Qd2 Re8 8. f3
c5 9. d5 a6 10. a4 b6 11. Nh3 Qc7 12. Nf2 Ne5 13. O-O Rb8 14. h3 e6 15. Be3
exd5 16. cxd5 Ra8 17. f4 Ned7 18. Bf3 Rb8 19. g4 Kh8 20. Rab1 b5 21. axb5 axb5
22. b4 cxb4 23. Ne2 Nc5 24. Rxb4 Nfd7 25. Rc1 Qa5 26. Nd4 Bxd4 27. Bxd4+ Kg8
28. Ra1 Qd8 29. Qc3 Na6 30. Rbb1 b4 31. Qd2 Qh4 32. Kg2 Ndc5 33. e5 Bd7 34. Ra5
Qd8 35. Qa2 b3 36. Qd2 Rb5 37. Rxb5 Bxb5 38. Rc1 Na4 39. Ne4 dxe5 40. fxe5 Kf8
41. Qh6+ Ke7 42. d6+ Ke6 43. Nf6 Nb4 44. g5 Bd3 45. Bg4+ Bf5 46. Bxf5+ Kxf5 47.
Qh4 Qa8+ 48. Kh2 Qf3 49. Rf1 1-0

[Event "FIDE WYCC 2016 U14 boys"]
[Site "Khanty Mansiysk"]
[Date "2016.09.26"]
[Round "5.32"]
[White "Kakuk, Tibor"]
[Black "Slater Jones, Henry"]
[Result "1-0"]
[WhiteElo "1622"]
[BlackElo "1825"]
[Annotator "Reinhold Goldau"]
[PlyCount "49"]
[EventDate "2016.09.??"]
[EventType "swiss"]
[EventRounds "11"]
[EventCountry "RUS"]
[SourceTitle "Youth Database"]
[Source "CBase R.Goldau"]
[SourceDate "2000.03.01"]

1. e4 c5 2. Nf3 d6 3. d4 cxd4 4. Nxd4 Nf6 5. Nc3 a6 6. f3 h5 7. Be3 e5 8. Nb3
Be6 9. Qd2 Qc7 10. O-O-O b5 11. f4 Nc6 12. h3 Rc8 13. Be2 Na5 14. Kb1 Nc4 15.
Bxc4 Bxc4 16. Nd5 Bxd5 17. exd5 Ne4 18. Qd3 Qc4 19. Na5 Qxd3 20. Rxd3 exf4 21.
Bxf4 Nc5 22. Re3+ Kd7 23. Rhe1 f6 24. Nc6 g5 25. Re7+ 1-0

[Event "FIDE WYCC 2016 U14 boys"]
[Site "Khanty Mansiysk"]
[Date "2016.09.26"]
[Round "5.33"]
[White "Ryabov, Georgi"]
[Black "Akulov, Lev"]
[Result "0-1"]
[WhiteElo "1572"]
[BlackElo "1810"]
[Annotator "Reinhold Goldau"]
[PlyCount "132"]
[EventDate "2016.09.??"]
[EventType "swiss"]
[EventRounds "11"]
[EventCountry "RUS"]
[SourceTitle "Youth Database"]
[Source "CBase R.Goldau"]
[SourceDate "2000.03.01"]

1. c4 Nf6 2. Nc3 d5 3. d3 g6 4. g3 dxc4 5. dxc4 Qxd1+ 6. Nxd1 Bg7 7. Bf4 c6 8.
Bg2 Be6 9. Rc1 O-O 10. Nf3 Rd8 11. O-O h6 12. h3 Na6 13. g4 Nc5 14. Ne3 a5 15.
b3 Nce4 16. Be5 Nd2 17. Rfe1 a4 18. b4 Nxf3+ 19. exf3 Rd2 20. a3 Rd3 21. Ra1
Rad8 22. Bf1 Rd2 23. Ng2 Ne8 24. Bxg7 Kxg7 25. Nf4 Nc7 26. Rac1 Kf6 27. Re3 g5
28. Nh5+ Kg6 29. f4 R2d4 30. fxg5 hxg5 31. Ng3 Ne8 32. Ne4 b6 33. Kg2 Nd6 34.
Nxd6 exd6 35. Kg3 Rh8 36. f3 Kg7 37. Rd3 Rxc4 38. Rdc3 Rxc3 39. Rxc3 Bd7 40.
Rd3 d5 41. b5 Rd8 42. Rd4 Rc8 43. bxc6 Bxc6 44. Rb4 Rb8 45. Bb5 Bxb5 46. Rxb5
f6 47. Rxd5 b5 48. Rd4 Rc8 49. Rb4 Rc5 50. h4 gxh4+ 51. Kxh4 Rc3 52. Rxb5 Rxf3
53. Ra5 Rxa3 54. g5 fxg5+ 55. Rxg5+ Kf6 56. Ra5 Ra1 57. Kg3 a3 58. Kg2 Ke6 59.
Kh2 Kd6 60. Kg2 Kc6 61. Ra8 Kb5 62. Rb8+ Kc4 63. Rc8+ Kb3 64. Rb8+ Ka2 65. Ra8
Rb1 66. Rh8 Rb3 0-1

[Event "FIDE WYCC 2016 U14 boys"]
[Site "Khanty Mansiysk"]
[Date "2016.09.26"]
[Round "5.34"]
[White "Balashov, Egor"]
[Black "Izumi, Haruki"]
[Result "1/2-1/2"]
[WhiteElo "1799"]
[BlackElo "1549"]
[Annotator "Reinhold Goldau"]
[PlyCount "89"]
[EventDate "2016.09.??"]
[EventType "swiss"]
[EventRounds "11"]
[EventCountry "RUS"]
[SourceTitle "Youth Database"]
[Source "CBase R.Goldau"]
[SourceDate "2000.03.01"]

1. d4 d5 2. c4 dxc4 3. Nc3 Nf6 4. e4 e5 5. dxe5 Qxd1+ 6. Kxd1 Ng4 7. Nh3 Nxe5
8. Nb5 Kd7 9. Bf4 Nbc6 10. Kc2 Bd6 11. Rd1 f6 12. Bxe5 Nxe5 13. f4 Ng4 14. Kd2
Ke7 15. Nxd6 cxd6 16. Bxc4 Be6 17. Bxe6 Kxe6 18. Ke2 Rac8 19. Rd2 Rc6 20. Kf3
Nh6 21. Rhd1 Nf7 22. Ng1 g6 23. Ne2 Ke7 24. b4 Rhc8 25. Nd4 Rc3+ 26. Ke2 a6 27.
b5 a5 28. Nb3 Ra8 29. e5 fxe5 30. fxe5 Nxe5 31. Rxd6 Rc2+ 32. R1d2 Rxd2+ 33.
Rxd2 b6 34. a4 Rd8 35. Rxd8 Kxd8 36. Nd2 Ke7 37. Ke3 Ke6 38. Ke4 Nd7 39. Nb3
Kd6 40. Kd4 Nf6 41. h3 Nd5 42. Nd2 Nf4 43. Nc4+ Kc7 44. Ne3 Kd6 45. Nc4+
1/2-1/2

[Event "FIDE WYCC 2016 U14 boys"]
[Site "Khanty Mansiysk"]
[Date "2016.09.26"]
[Round "5.36"]
[White "Ogorodnikov, Nikolai"]
[Black "Hafstad, Leif"]
[Result "1-0"]
[WhiteElo "1774"]
[BlackElo "1705"]
[Annotator "Reinhold Goldau"]
[PlyCount "62"]
[EventDate "2016.09.??"]
[EventType "swiss"]
[EventRounds "11"]
[EventCountry "RUS"]
[SourceTitle "Youth Database"]
[Source "CBase R.Goldau"]
[SourceDate "2000.03.01"]

1. c4 e6 2. Nc3 d5 3. d4 Nf6 4. Bg5 Be7 5. e3 a6 6. Nf3 Nbd7 7. Bd3 dxc4 8.
Bxc4 b5 9. Bd3 Bb7 10. O-O O-O 11. Rc1 c5 12. Qe2 Re8 13. Rfd1 Qb6 14. h3 Rad8
15. a4 b4 16. Nb1 cxd4 17. Nxd4 Nc5 18. Bxf6 Bxf6 19. Bxh7+ Kf8 20. Qc2 Rc8 21.
Bd3 b3 22. Qe2 Nxa4 23. Nb5 Bd5 24. Qh5 g6 25. Qh6+ Bg7 26. Qg5 Red8 27. N5c3
Nxc3 28. Nxc3 Qb8 29. Nxd5 Rxd5 30. Qf4 Rdc5 31. Rxc5 Rxc5 1-0

[Event "FIDE WYCC 2016 U14 boys"]
[Site "Khanty Mansiysk"]
[Date "2016.09.26"]
[Round "5.37"]
[White "Araoz Andrade, Ivan Alexander"]
[Black "Chursin, Aleksandr"]
[Result "1-0"]
[WhiteElo "1746"]
[BlackElo "1675"]
[Annotator "Reinhold Goldau"]
[PlyCount "37"]
[EventDate "2016.09.??"]
[EventType "swiss"]
[EventRounds "11"]
[EventCountry "RUS"]
[SourceTitle "Youth Database"]
[Source "CBase R.Goldau"]
[SourceDate "2000.03.01"]

1. e4 c5 2. Nf3 Nc6 3. Bb5 g6 4. O-O Bg7 5. c3 e6 6. d4 cxd4 7. cxd4 d5 8. exd5
Qxd5 9. Nc3 Qd8 10. Bf4 Nge7 11. Be5 f6 12. Bg3 O-O 13. Bc4 Nd5 14. Re1 Na5 15.
Bxd5 exd5 16. Nb5 Rf7 17. Rc1 Nc6 18. Nd6 Rd7 19. Re8+ 1-0

[Event "FIDE WYCC 2016 U14 girls"]
[Site "Khanty Mansiysk"]
[Date "2016.09.22"]
[Round "1.1"]
[White "Solozhenkina, Elizaveta"]
[Black "Mishra, Anwesha"]
[Result "1-0"]
[WhiteElo "2320"]
[BlackElo "1819"]
[Annotator "Reinhold Goldau"]
[PlyCount "93"]
[EventDate "2016.09.??"]
[EventType "swiss"]
[EventRounds "11"]
[EventCountry "RUS"]
[SourceTitle "Youth Database"]
[Source "CBase R.Goldau"]
[SourceDate "2000.03.01"]
[TimeControl "40/5400+30:1800+30"]

1. e4 {[%emt 0:00:00]} e5 {[%emt 0:00:03]} 2. Nf3 {[%emt 0:00:00]} d6 {[%emt 0:
00:10]} 3. d4 {[%emt 0:00:00]} exd4 {[%emt 0:00:05]} 4. Nxd4 {[%emt 0:00:00]}
Nf6 {[%emt 0:00:08]} 5. Nc3 {[%emt 0:00:00]} Be7 {[%emt 0:00:25]} 6. Bf4 {
[%emt 0:00:08]} O-O {[%emt 0:00:36]} 7. Be2 {[%emt 0:00:06]} Re8 {[%emt 0:01:
42]} 8. Qd2 {[%emt 0:00:23]} Nc6 {[%emt 0:02:29]} 9. O-O-O {[%emt 0:00:42]} Ng4
{[%emt 0:00:42]} 10. Bxg4 {[%emt 0:27:41]} Bxg4 {[%emt 0:00:25]} 11. f3 {
[%emt 0:00:33]} Nxd4 {[%emt 0:03:42]} 12. Qxd4 {[%emt 0:00:41]} Be6 {[%emt 0:
01:22]} 13. g4 {[%emt 0:06:29]} Bf6 {[%emt 0:07:33]} 14. Qd2 {[%emt 0:01:40]}
a5 {[%emt 0:12:53]} 15. Kb1 {[%emt 0:05:35]} Ra6 {[%emt 0:29:47]} 16. g5 {
[%emt 0:04:05]} Bxc3 {[%emt 0:08:51]} 17. Qxc3 {[%emt 0:00:06]} Rc6 {[%emt 0:
01:57]} 18. Qd2 {[%emt 0:08:07]} Bh3 {[%emt 0:08:19]} 19. Rhg1 {[%emt 0:04:55]}
Ra6 {[%emt 0:12:07]} 20. Qd3 {[%emt 0:14:42]} Qc8 {[%emt 0:01:11]} 21. Bd2 {
[%emt 0:02:29]} Bd7 {[%emt 0:03:03]} 22. Bc3 {[%emt 0:01:27]} c5 {[%emt 0:02:
11]} 23. h4 {[%emt 0:03:01]} b5 {[%emt 0:00:32]} 24. b3 {[%emt 0:02:01]} b4 {
[%emt 0:01:08]} 25. Bb2 {[%emt 0:03:11]} Be6 {[%emt 0:00:01]} 26. c4 {[%emt 0:
00:26]} a4 {[%emt 0:01:03]} 27. h5 {[%emt 0:08:06]} axb3 {[%emt 0:00:02]} 28.
axb3 {[%emt 0:00:04]} Re7 {[%emt 0:00:54]} 29. Kc2 {[%emt 0:03:24]} Rea7 {
[%emt 0:00:09]} 30. h6 {[%emt 0:01:23]} g6 {[%emt 0:00:16]} 31. Ra1 {[%emt 0:
01:58]} Rxa1 {[%emt 0:00:57]} 32. Rxa1 {[%emt 0:00:03]} Rxa1 {[%emt 0:00:32]}
33. Bxa1 {[%emt 0:00:04]} Qa6 {[%emt 0:00:38]} 34. Bb2 {[%emt 0:00:11]} f5 {
[%emt 0:00:32]} 35. gxf6 {[%emt 0:01:51]} Kf7 {[%emt 0:00:17]} 36. f4 {[%emt 0:
00:17]} Qc6 {[%emt 0:00:34]} 37. Qe2 {[%emt 0:01:41]} Qb7 {[%emt 0:00:38]} 38.
Kd3 {[%emt 0:00:45]} Qd7 {[%emt 0:00:30]} 39. Qf1 {[%emt 0:00:32]} Bg4 {
[%emt 0:00:27]} 40. Qa1 {[%emt 0:00:00]} Bh5 {[%emt 0:00:00]} 41. Kd2 {[%emt 0:
04:18]} Bg4 {[%emt 0:12:36]} 42. Qa8 {[%emt 0:01:33]} Qc8 {[%emt 0:00:59]} 43.
Qd5+ {[%emt 0:03:14]} Qe6 {[%emt 0:01:25]} 44. Qb7+ {[%emt 0:00:08]} Qd7 {
[%emt 0:01:10]} 45. Qb8 {[%emt 0:00:15]} Bh5 {[%emt 0:14:21]} 46. Qh8 {[%emt 0:
01:43]} Ke6 {[%emt 0:01:46]} 47. Qg8+ {[%emt 0:00:06]} 1-0

[Event "FIDE WYCC 2016 U14 girls"]
[Site "Khanty Mansiysk"]
[Date "2016.09.22"]
[Round "1.2"]
[White "Vanduyfhuys, Daria"]
[Black "Maltsevskaya, Aleksandra"]
[Result "0-1"]
[WhiteElo "1810"]
[BlackElo "2319"]
[Annotator "Reinhold Goldau"]
[PlyCount "78"]
[EventDate "2016.09.??"]
[EventType "swiss"]
[EventRounds "11"]
[EventCountry "RUS"]
[SourceTitle "Youth Database"]
[Source "CBase R.Goldau"]
[SourceDate "2000.03.01"]
[TimeControl "40/5400+30:1800+30"]

1. d4 {[%emt 0:00:00]} Nf6 {[%emt 0:00:00]} 2. c4 {[%emt 0:00:00]} g6 {[%emt 0:
00:00]} 3. Nc3 {[%emt 0:00:00]} Bg7 {[%emt 0:00:00]} 4. e4 {[%emt 0:00:00]} d6
{[%emt 0:00:05]} 5. Nf3 {[%emt 0:00:11]} O-O {[%emt 0:00:13]} 6. Be2 {[%emt 0:
00:12]} e5 {[%emt 0:00:11]} 7. dxe5 {[%emt 0:00:09]} dxe5 {[%emt 0:00:05]} 8.
Qxd8 {[%emt 0:00:05]} Rxd8 {[%emt 0:00:07]} 9. Bg5 {[%emt 0:00:06]} Re8 {
[%emt 0:00:07]} 10. Nd5 {[%emt 0:00:25]} Nxd5 {[%emt 0:02:01]} 11. cxd5 {
[%emt 0:00:11]} c6 {[%emt 0:00:07]} 12. Bc4 {[%emt 0:01:07]} cxd5 {[%emt 0:04:
49]} 13. Bxd5 {[%emt 0:00:30]} Nc6 {[%emt 0:00:30]} 14. O-O-O {[%emt 0:00:33]}
h6 {[%emt 0:02:15]} 15. Be3 {[%emt 0:00:49]} Nb4 {[%emt 0:07:01]} 16. Bb3 {
[%emt 0:02:20]} Be6 {[%emt 0:02:29]} 17. Bxe6 {[%emt 0:00:33]} Rxe6 {[%emt 0:
00:22]} 18. Rd7 {[%emt 0:04:03]} b6 {[%emt 0:04:33]} 19. Kb1 {[%emt 0:00:15]}
f5 {[%emt 0:17:08]} 20. Rc1 {[%emt 0:05:53]} Na6 {[%emt 0:02:05]} 21. Rcd1 {
[%emt 0:05:32]} f4 {[%emt 0:02:11]} 22. Rd8+ {[%emt 0:00:51]} Re8 {[%emt 0:00:
09]} 23. Rxa8 {[%emt 0:00:56]} Rxa8 {[%emt 0:00:05]} 24. Bc1 {[%emt 0:00:36]}
Nc5 {[%emt 0:00:13]} 25. Nd2 {[%emt 0:01:24]} Rd8 {[%emt 0:02:26]} 26. f3 {
[%emt 0:00:22]} Bf8 {[%emt 0:01:18]} 27. b3 {[%emt 0:01:24]} a5 {[%emt 0:05:01]
} 28. Kc2 {[%emt 0:01:22]} Nd3 {[%emt 0:01:17]} 29. Kb1 {[%emt 0:02:25]} Nc5 {
[%emt 0:09:35]} 30. Bb2 {[%emt 0:03:38]} Bg7 {[%emt 0:10:48]} 31. Ba3 {[%emt 0:
01:15]} Ne6 {[%emt 0:00:31]} 32. Kc1 {[%emt 0:01:36]} b5 {[%emt 0:01:37]} 33.
Nf1 {[%emt 0:01:03]} Rc8+ {[%emt 0:05:19]} 34. Kb1 {[%emt 0:00:31]} a4 {
[%emt 0:00:45]} 35. Rd5 {[%emt 0:06:57]} Nd4 {[%emt 0:01:49]} 36. Nd2 {[%emt 0:
00:42]} Ne2 {[%emt 0:00:54]} 37. Bb2 {[%emt 0:01:29]} a3 {[%emt 0:00:21]} 38.
Rxb5 {[%emt 0:01:02]} axb2 {[%emt 0:00:08]} 39. Kxb2 {[%emt 0:00:14]} Nd4 {
[%emt 0:00:05]} 0-1

[Event "FIDE WYCC 2016 U14 girls"]
[Site "Khanty Mansiysk"]
[Date "2016.09.22"]
[Round "1.3"]
[White "Antova, Gabriela"]
[Black "Nayberg, Simona"]
[Result "1-0"]
[WhiteElo "2253"]
[BlackElo "1807"]
[Annotator "Reinhold Goldau"]
[PlyCount "81"]
[EventDate "2016.09.??"]
[EventType "swiss"]
[EventRounds "11"]
[EventCountry "RUS"]
[SourceTitle "Youth Database"]
[Source "CBase R.Goldau"]
[SourceDate "2000.03.01"]
[TimeControl "40/5400+30:1800+30"]

1. d4 {[%emt 0:00:00]} d5 {[%emt 0:00:00]} 2. c4 {[%emt 0:00:00]} e6 {[%emt 0:
00:00]} 3. Nf3 {[%emt 0:00:18]} Nf6 {[%emt 0:00:00]} 4. Nc3 {[%emt 0:00:12]} c6
{[%emt 0:00:17]} 5. e3 {[%emt 0:00:52]} Nbd7 {[%emt 0:00:15]} 6. Bd3 {[%emt 0:
00:19]} dxc4 {[%emt 0:00:44]} 7. Bxc4 {[%emt 0:00:20]} b5 {[%emt 0:00:26]} 8.
Bd3 {[%emt 0:00:16]} b4 {[%emt 0:02:13]} 9. Nb1 {[%emt 0:05:55]} Bd6 {[%emt 0:
07:51]} 10. Nbd2 {[%emt 0:01:06]} O-O {[%emt 0:02:31]} 11. O-O {[%emt 0:06:14]}
Bb7 {[%emt 0:02:29]} 12. e4 {[%emt 0:04:13]} Bc7 {[%emt 0:06:24]} 13. Qe2 {
[%emt 0:10:49]} c5 {[%emt 0:09:16]} 14. e5 {[%emt 0:04:22]} Nd5 {[%emt 0:02:07]
} 15. Qe4 {[%emt 0:03:04]} g6 {[%emt 0:01:27]} 16. Nc4 {[%emt 0:00:47]} cxd4 {
[%emt 0:10:52]} 17. Qxd4 {[%emt 0:04:57]} Qe7 {[%emt 0:03:16]} 18. Bg5 {
[%emt 0:03:24]} Qc5 {[%emt 0:03:54]} 19. Qh4 {[%emt 0:02:38]} Rfe8 {[%emt 0:09:
00]} 20. Rac1 {[%emt 0:04:22]} Qf8 {[%emt 0:04:51]} 21. Rfe1 {[%emt 0:01:16]}
Nc5 {[%emt 0:03:41]} 22. Bb1 {[%emt 0:03:47]} b3 {[%emt 0:05:12]} 23. a3 {
[%emt 0:09:19]} Nb6 {[%emt 0:06:52]} 24. Nd4 {[%emt 0:10:13]} Nxc4 {[%emt 0:04:
32]} 25. Rxc4 {[%emt 0:00:16]} Bb6 {[%emt 0:03:54]} 26. Rc3 {[%emt 0:04:10]}
Bd8 {[%emt 0:05:27]} 27. Rh3 {[%emt 0:02:14]} Qg7 {[%emt 0:01:22]} 28. Nxb3 {
[%emt 0:04:56]} Nxb3 {[%emt 0:01:40]} 29. Rxb3 {[%emt 0:00:04]} Bd5 {[%emt 0:
00:14]} 30. Rc3 {[%emt 0:01:07]} Rb8 {[%emt 0:01:54]} 31. b4 {[%emt 0:01:55]}
Bxg5 {[%emt 0:01:33]} 32. Qxg5 {[%emt 0:00:02]} h6 {[%emt 0:00:30]} 33. Qe3 {
[%emt 0:00:48]} a6 {[%emt 0:00:44]} 34. Bd3 {[%emt 0:01:17]} Ra8 {[%emt 0:00:
43]} 35. h4 {[%emt 0:01:29]} h5 {[%emt 0:00:12]} 36. Rec1 {[%emt 0:01:27]} Qf8
{[%emt 0:00:50]} 37. Rc7 {[%emt 0:01:57]} Reb8 {[%emt 0:00:34]} 38. Qg5 {
[%emt 0:02:26]} Rd8 {[%emt 0:00:36]} 39. Bxg6 {[%emt 0:00:37]} Qg7 {[%emt 0:00:
34]} 40. Bxf7+ {[%emt 0:00:00]} Kf8 {[%emt 0:00:00]} 41. Qe7# {[%emt 0:00:57]}
1-0

[Event "FIDE WYCC 2016 U14 girls"]
[Site "Khanty Mansiysk"]
[Date "2016.09.22"]
[Round "1.4"]
[White "Nomindalai, Tumurbaatar"]
[Black "Badelka, Olga"]
[Result "0-1"]
[WhiteElo "1757"]
[BlackElo "2222"]
[Annotator "Reinhold Goldau"]
[PlyCount "69"]
[EventDate "2016.09.??"]
[EventType "swiss"]
[EventRounds "11"]
[EventCountry "RUS"]
[SourceTitle "Youth Database"]
[Source "CBase R.Goldau"]
[SourceDate "2000.03.01"]
[TimeControl "40/5400+30:1800+30"]

1. d4 {[%emt 0:00:00]} Nf6 {[%emt 0:00:00]} 2. Bg5 {[%emt 0:00:00]} Ne4 {
[%emt 0:00:00]} 3. Bf4 {[%emt 0:00:00]} c5 {[%emt 0:00:00]} 4. d5 {[%emt 0:00:
00]} Qb6 {[%emt 0:00:13]} 5. Bc1 {[%emt 0:00:12]} g6 {[%emt 0:06:47]} 6. f3 {
[%emt 0:00:27]} Nd6 {[%emt 0:00:33]} 7. e4 {[%emt 0:00:29]} Bg7 {[%emt 0:00:04]
} 8. c3 {[%emt 0:01:17]} O-O {[%emt 0:00:38]} 9. Bd3 {[%emt 0:00:07]} f5 {
[%emt 0:01:06]} 10. exf5 {[%emt 0:03:03]} Nxf5 {[%emt 0:00:48]} 11. Ne2 {
[%emt 0:00:42]} Nh4 {[%emt 0:02:52]} 12. Rg1 {[%emt 0:05:06]} Qd6 {[%emt 0:06:
03]} 13. Ng3 {[%emt 0:35:06]} Qxd5 {[%emt 0:01:28]} 14. Qe2 {[%emt 0:01:32]} e6
{[%emt 0:01:06]} 15. Na3 {[%emt 0:01:53]} Nc6 {[%emt 0:13:22]} 16. Be3 {
[%emt 0:06:39]} Ne5 {[%emt 0:10:24]} 17. Be4 {[%emt 0:00:33]} Qd6 {[%emt 0:00:
14]} 18. Qb5 {[%emt 0:02:15]} Qe7 {[%emt 0:02:49]} 19. Qxc5 {[%emt 0:04:02]} d6
{[%emt 0:00:32]} 20. Qa5 {[%emt 0:05:22]} d5 {[%emt 0:10:31]} 21. Bc5 {[%emt 0:
15:28]} Qg5 {[%emt 0:01:03]} 22. Bxf8 {[%emt 0:00:14]} Bxf8 {[%emt 0:01:55]}
23. Bc2 {[%emt 0:02:51]} Bd7 {[%emt 0:06:54]} 24. Rd1 {[%emt 0:10:12]} d4 {
[%emt 0:02:28]} 25. Nc4 {[%emt 0:01:28]} Bb5 {[%emt 0:03:12]} 26. f4 {[%emt 0:
01:52]} Nxc4 {[%emt 0:00:18]} 27. fxg5 {[%emt 0:01:21]} Nxa5 {[%emt 0:00:04]}
28. cxd4 {[%emt 0:01:08]} Bb4+ {[%emt 0:00:16]} 29. Kf2 {[%emt 0:00:16]} Rf8+ {
[%emt 0:01:27]} 30. Ke3 {[%emt 0:00:12]} Nc4+ {[%emt 0:00:30]} 31. Ke4 {
[%emt 0:00:13]} Bc6+ {[%emt 0:00:28]} 32. d5 {[%emt 0:01:21]} Bxd5+ {[%emt 0:
01:54]} 33. Rxd5 {[%emt 0:00:34]} exd5+ {[%emt 0:00:04]} 34. Kxd5 {[%emt 0:00:
03]} Ne3+ {[%emt 0:00:07]} 35. Kd4 0-1

[Event "FIDE WYCC 2016 U14 girls"]
[Site "Khanty Mansiysk"]
[Date "2016.09.23"]
[Round "2.23"]
[White "Gomes, Maria Eduarda"]
[Black "Nestorovic, Katarina"]
[Result "0-1"]
[WhiteElo "1569"]
[BlackElo "2017"]
[Annotator "Reinhold Goldau"]
[PlyCount "98"]
[EventDate "2016.09.??"]
[EventType "swiss"]
[EventRounds "11"]
[EventCountry "RUS"]
[SourceTitle "Youth Database"]
[Source "CBase R.Goldau"]
[SourceDate "2000.03.01"]

1. e4 c5 2. Nf3 e6 3. d4 cxd4 4. Nxd4 Nf6 5. Nc3 d6 6. f4 Be7 7. Be3 O-O 8. Qf3
Nbd7 9. O-O-O a6 10. Rg1 Qc7 11. g4 Nc5 12. g5 Nfd7 13. Rg3 b5 14. Rh3 Re8 15.
f5 Bb7 16. Qh5 Nf8 17. g6 fxg6 18. fxg6 hxg6 19. Qh8+ Kf7 20. Rf3+ Bf6 21. Bg5
Nfd7 22. Bxf6 Nxf6 23. Qh4 Rh8 24. Qf2 b4 25. Nb1 Ncxe4 26. Qe2 Qc5 27. Nb3
Qg5+ 28. N1d2 Nxd2 29. Nxd2 Bxf3 30. Qxf3 Qd5 31. Qf2 Qc5 32. Qg3 Rh5 33. Bd3
Rg5 34. Qf3 d5 35. h4 Rg1 36. Nb3 Rxd1+ 37. Qxd1 Qe3+ 38. Nd2 e5 39. Kb1 e4 40.
Be2 Rh8 41. Bxa6 Rxh4 42. Nf1 Qf2 43. Qe2 Qxe2 44. Bxe2 Rh1 45. b3 Ng4 46. Bxg4
Rxf1+ 47. Kb2 e3 48. Be2 Rf2 49. Bd3 e2 0-1

[Event "FIDE WYCC 2016 U14 girls"]
[Site "Khanty Mansiysk"]
[Date "2016.09.23"]
[Round "2.28"]
[White "Nayberg, Simona"]
[Black "Gronn, Embla Ekeland"]
[Result "1-0"]
[WhiteElo "1807"]
[BlackElo "1533"]
[Annotator "Reinhold Goldau"]
[PlyCount "69"]
[EventDate "2016.09.??"]
[EventType "swiss"]
[EventRounds "11"]
[EventCountry "RUS"]
[SourceTitle "Youth Database"]
[Source "CBase R.Goldau"]
[SourceDate "2000.03.01"]

1. e4 c6 2. d4 d5 3. f3 e6 4. Nc3 Bb4 5. Qd3 dxe4 6. fxe4 c5 7. Be3 cxd4 8.
Bxd4 Nf6 9. Nge2 Nc6 10. O-O-O Nxd4 11. Nxd4 O-O 12. e5 Nd5 13. Ne4 b6 14. Qh3
Bd7 15. Bd3 h6 16. Rhf1 Bc5 17. Nb3 Be7 18. Rf3 Bg5+ 19. Kb1 Nf4 20. Qg3 Nxd3
21. Rfxd3 Qc7 22. Rxd7 Rfd8 23. Qd3 Rxd7 24. Qxd7 Rd8 25. Nf6+ Bxf6 26. Qxc7
Rxd1+ 27. Nc1 Bg5 28. a4 Rxc1+ 29. Ka2 Bf4 30. Qxa7 Bxh2 31. Qxb6 Bxe5 32. a5
g6 33. a6 Rxc2 34. a7 Rc8 35. Qb7 1-0

[Event "FIDE WYCC 2016 U14 girls"]
[Site "Khanty Mansiysk"]
[Date "2016.09.24"]
[Round "3.1"]
[White "Solozhenkina, Elizaveta"]
[Black "Ouellet, Maili Jade"]
[Result "1-0"]
[WhiteElo "2320"]
[BlackElo "1992"]
[Annotator "Reinhold Goldau"]
[PlyCount "81"]
[EventDate "2016.09.??"]
[EventType "swiss"]
[EventRounds "11"]
[EventCountry "RUS"]
[SourceTitle "Youth Database"]
[Source "CBase R.Goldau"]
[SourceDate "2000.03.01"]
[TimeControl "40/5400+30:1800+30"]

1. e4 {[%emt 0:00:00]} c5 {[%emt 0:00:00]} 2. Nf3 {[%emt 0:00:00]} e6 {[%emt 0:
00:00]} 3. d4 {[%emt 0:00:00]} cxd4 {[%emt 0:00:00]} 4. Nxd4 {[%emt 0:00:00]}
a6 {[%emt 0:00:00]} 5. c4 {[%emt 0:00:00]} Nf6 {[%emt 0:00:00]} 6. Nc3 {
[%emt 0:00:02]} Qc7 {[%emt 0:00:03]} 7. Be2 {[%emt 0:00:24]} b6 {[%emt 0:00:12]
} 8. O-O {[%emt 0:00:31]} Bb7 {[%emt 0:00:06]} 9. Qd3 {[%emt 0:00:23]} d6 {
[%emt 0:00:26]} 10. f4 {[%emt 0:00:25]} Nbd7 {[%emt 0:00:23]} 11. b4 {[%emt 0:
00:08]} Be7 {[%emt 0:00:34]} 12. Be3 {[%emt 0:00:16]} O-O {[%emt 0:01:35]} 13.
Rac1 {[%emt 0:03:15]} Rac8 {[%emt 0:04:55]} 14. g4 {[%emt 0:05:37]} Qb8 {
[%emt 0:13:12]} 15. g5 {[%emt 0:03:13]} Ne8 {[%emt 0:00:14]} 16. Bg4 {[%emt 0:
09:17]} Nc7 {[%emt 0:00:28]} 17. h4 {[%emt 0:01:42]} Rfe8 {[%emt 0:22:21]} 18.
a3 {[%emt 0:04:44]} a5 {[%emt 0:08:14]} 19. h5 {[%emt 0:18:30]} Nf8 {[%emt 0:
13:06]} 20. f5 {[%emt 0:12:20]} axb4 {[%emt 0:03:32]} 21. axb4 {[%emt 0:01:11]}
d5 {[%emt 0:03:49]} 22. f6 {[%emt 0:13:06]} dxc4 {[%emt 0:08:10]} 23. Qe2 {
[%emt 0:03:06]} Bxb4 {[%emt 0:01:04]} 24. fxg7 {[%emt 0:07:10]} Nd7 {[%emt 0:
01:10]} 25. g6 {[%emt 0:01:10]} f6 {[%emt 0:04:17]} 26. Qf2 {[%emt 0:08:00]}
Bxc3 {[%emt 0:02:12]} 27. gxh7+ {[%emt 0:00:49]} Kxg7 {[%emt 0:01:43]} 28. Rxc3
{[%emt 0:01:38]} Bxe4 {[%emt 0:00:59]} 29. Qf4 {[%emt 0:03:44]} Nd5 {[%emt 0:
04:06]} 30. Qxe4 {[%emt 0:00:19]} Qg3+ {[%emt 0:03:05]} 31. Kh1 {[%emt 0:00:00]
} Qh4+ {[%emt 0:00:57]} 32. Kg2 {[%emt 0:01:18]} Nxc3 {[%emt 0:00:21]} 33.
Nxe6+ {[%emt 0:01:43]} Kh8 {[%emt 0:02:23]} 34. Qg6 {[%emt 0:00:26]} Rxe6 {
[%emt 0:02:36]} 35. Bxe6 {[%emt 0:00:02]} Qe4+ {[%emt 0:00:39]} 36. Qxe4 Nxe4
37. Bxd7 {[%emt 0:00:15]} Rd8 {[%emt 0:00:44]} 38. Bf5 {[%emt 0:00:06]} Ng5 {
[%emt 0:00:39]} 39. Bxb6 {[%emt 0:01:09]} Rd6 {[%emt 0:00:27]} 40. Ra1 {
[%emt 0:00:00]} Nf7 {[%emt 0:00:00]} 41. h6 {[%emt 0:07:02]} 1-0